| 000 | 00475nam a2200181Ia 4500 | ||
|---|---|---|---|
| 001 | 18468 | ||
| 005 | 20260306171633.0 | ||
| 008 | 260306s9999||||xx |||||||||||||| ||und|| | ||
| 041 | _aESP | ||
| 082 |
_a658.406 _bA59 |
||
| 100 |
_aAndreu, Rafael _eAUT |
||
| 245 | 0 |
_aLa organización en la era de la información: _baprendizaje, innovación y cambio |
|
| 260 | _c1997 | ||
| 300 |
_a378 páginas : _c23 cm. |
||
| 650 | _aGEN | ||
| 654 | _aCAN | ||
| 942 |
_cLIB _dJUS _fJUS _2ddc _n |
||
| 999 |
_c18468 _d18468 |
||